书目信息 |
| 题名: |
档案文化资源开发利用研究
|
|
| 作者: | 王旭东 著 | |
| 分册: | ||
| 出版信息: | 北京 中国社会科学出版社 2016 |
|
| 页数: | 264页 | |
| 开本: | 24cm | |
| 丛书名: | 文献信息资源开发与研究丛书 | |
| 单 册: | ||
| 中图分类: | G270 , G273.5 | |
| 科图分类: | ||
| 主题词: | 档案--文化--资源开发--研究 , 档案--文化--资源利用--研究 | |
| 电子资源: | ||
| ISBN: | 978-7-5161-8216-1 | |
| 000 | 01079nam0 2200253 450 | |
| 001 | 2985 | |
| 005 | 20161207150409.29 | |
| 010 | @a978-7-5161-8216-1@dCNY65.00 | |
| 100 | @a20160930d2016 em y0chiy50 ea | |
| 101 | 0 | @achi |
| 102 | @aCN@b110000 | |
| 105 | @ay z 000yy | |
| 200 | 1 | @a档案文化资源开发利用研究@9dang an wen hua zi yuan kai fa li yong yan jiu@f王旭东著 |
| 210 | @a北京@c中国社会科学出版社@d2016 | |
| 215 | @a264页@d24cm | |
| 225 | 1 | @a文献信息资源开发与研究丛书@f张昌山主编 |
| 330 | @a本书立足于社会主义先进文化建设,以档案学理论和实践为基础,借鉴 文化学、社会学、历史学等学科中的相关理论和方法,关注社会文化发展方向,观察文化产业发展动态。在此基础上,论述了档案文化资源开发利用问题中涉及的主要概念、类型、意义,阐述了面临的障碍与困难,提出了具体的开发利用方式,并对解决存在的问题提供了一些对策和办法。 | |
| 606 | 0 | @a档案@x文化@x资源开发@x研究 |
| 606 | 0 | @a档案@x文化@x资源利用@x研究 |
| 690 | @aG270@v5 | |
| 690 | @aG273.5@v4 | |
| 701 | 0 | @a王旭东@9wang xu dong@4著 |
| 801 | 0 | @aCN@b大连网信软件有限公司图书馆·11@c20161207 |
| 905 | @aZUCC@dG270@e81 | |
| 档案文化资源开发利用研究/王旭东著.-北京:中国社会科学出版社,2016 |
| 264页;24cm.-(文献信息资源开发与研究丛书/张昌山主编) |
| ISBN 978-7-5161-8216-1:CNY65.00 |
| 本书立足于社会主义先进文化建设,以档案学理论和实践为基础,借鉴 文化学、社会学、历史学等学科中的相关理论和方法,关注社会文化发展方向,观察文化产业发展动态。在此基础上,论述了档案文化资源开发利用问题中涉及的主要概念、类型、意义,阐述了面临的障碍与困难,提出了具体的开发利用方式,并对解决存在的问题提供了一些对策和办法。 |
| ● |
| 相关链接 |
|
|
|
|
正题名:档案文化资源开发利用研究
索取号:G270/81
 
预约/预借
| 序号 | 登录号 | 条形码 | 馆藏地/架位号 | 状态 | 备注 |
| 1 | 912383 | 209123839 | 第一样本阅览室/ [索取号:G270/81] | 在馆 | |
| 2 | 912384 | 209123848 | 第四借阅区/ [索取号:G270/81] | 在馆 | |
| 3 | 912385 | 209123857 | 第四借阅区/ [索取号:G270/81] | 在馆 | |
| 4 | 912386 | 209123866 | 第四借阅区/ [索取号:G270/81] | 在馆 |